Umenie rokovať Superorganizátor. Príručka ako úspešne rokovať v rôznych situáciách, pre podnikateľov, pracovníkov štátnej správy, vedúcich a politických pracovníkov, proste pre manažérov na všetkých stupňoch riadenia a vo všetkých oblastiach

Salvato in:
Dettagli Bibliografici
Autore principale: Gordon, Richard
Natura: Libro
Lingua:slovacco
Pubblicazione: Bratislava Eko-konzult 1995
Edizione:2. vyd.
Soggetti:
Tags: Aggiungi Tag
Nessun Tag, puoi essere il primo ad aggiungerne!!

MARC

LEADER 00000nam a2200000 4500
001 c012020
005 20221214072222.0
020 |a 80-900550-3-6 
041 0 |a slo 
044 |a SK 
245 1 0 |a Umenie rokovať  |b Superorganizátor. Príručka ako úspešne rokovať v rôznych situáciách, pre podnikateľov, pracovníkov štátnej správy, vedúcich a politických pracovníkov, proste pre manažérov na všetkých stupňoch riadenia a vo všetkých oblastiach  |c Richard Gordon 
250 |a 2. vyd. 
264 1 |a Bratislava  |b Eko-konzult  |c 1995 
300 |a 124 s. 
610 2 0 |a rokovania obchodné 
610 2 0 |a psychológia predaja 
610 2 0 |a psychológia riadenia 
610 2 0 |a komunikácia 
610 2 0 |a úspech pracovný 
610 2 0 |a stratégia podniková 
610 2 0 |a manažéri 
100 1 |a Gordon, Richard